[Event "ISR-chT"]
[Site "Israel"]
[Date "2003.03.08"]
[Round "5"]
[White "Slutzky, Leonid"]
[Black "Vydeslaver, Alik"]
[Result "1/2-1/2"]
[WhiteElo "2329"]
[BlackElo "2431"]
[PlyCount "93"]
[EventDate "2003.01.??"]
[EventType "team"]
[EventRounds "11"]
[EventCountry "ISR"]
[SourceTitle "EXT 2004"]
[Source "ChessBase"]
[SourceDate "2003.11.25"]
[SourceVersion "1"]
[SourceVersionDate "2003.11.25"]
[SourceQuality "1"]

1. d4 Nf6 2. Nf3 g6 3. c4 Bg7 4. g3 0-0 5. Bg2 d5 6. cxd5 Nxd5 7. 0-0 Nb6 8. Nc3 Nc6 9. d5 Na5 10. Qc2 c6 11. dxc6 Nxc6 12. Rd1 Bd7 13. Bf4 Rc8 14. Rac1 Qe8 15. Qd2 Be6 16. b3 Rd8 17. Qe3 Nb4 18. Be5 Bxe5 19. Nxe5 Rxd1+ 20. Rxd1 Qc8 21. Rc1 Qb8 22. a3 Na6 23. b4 Rc8 24. Nf3 Nd5 25. Nxd5 Rxc1+ 26. Qxc1 Bxd5 27. Qh6 Bxf3 28. Bxf3 b6 29. Qc1 Qc7 30. Qe3 Nb8 31. h4 h5 32. Qg5 Kh8 33. Qh6+ Kg8 34. Qg5 Kh7 35. Be4 Kg7 36. Bf3 f6 37. Qd5 Nd7 38. Be4 Ne5 39. Qa8 e6 40. Qe8 f5 41. Bf3 Qd6 42. Qa8 Qd7 43. Bb7 Nc4 44. Bc6 Qc7 45. Qe8 Nd6 46. Qa8 Nc4 47. Qe8 1/2-1/2

[Event "ISR-chT"]
[Site "Israel"]
[Date "2001.02.24"]
[Round "3.6"]
[White "Tyomkin, Dimitri"]
[Black "Slutzky, Leonid"]
[Result "1-0"]
[WhiteElo "2492"]
[BlackElo "2361"]
[PlyCount "61"]
[EventDate "2001.02.??"]
[EventType "team"]
[EventRounds "11"]
[EventCountry "ISR"]
[SourceTitle "CBM 081"]
[Source "ChessBase"]
[SourceDate "2001.03.20"]
[SourceVersion "1"]
[SourceVersionDate "2001.03.20"]
[SourceQuality "1"]

1. d4 e6 2. c4 f5 3. g3 Nf6 4. Bg2 Bb4+ 5. Nd2 0-0 6. Nh3 Nc6 7. d5 Ne7 8. a3 Bxd2+ 9. Qxd2 e5 10. 0-0 d6 11. Ng5 Qe8 12. c5 h6 13. cxd6 cxd6 14. Ne6 Bxe6 15. dxe6 d5 16. b4 Qc6 17. Bb2 Qxe6 18. b5 Rac8 19. Rac1 b6 20. Bh3 Ne4 21. Qe3 Ng5 22. Bg2 d4 23. Qd3 Qa2 24. Rb1 Ne6 25. Qd1 Qc4 26. e3 dxe3 27. Qd6 exf2+ 28. Rxf2 Rce8 29. Rc1 Qb3 30. Rc3 Nc8 31. Qxf8+ 1-0

[Event "ISR-chT"]
[Site "Israel"]
[Date "1997.??.??"]
[Round "4"]
[White "Krayz, Alexander"]
[Black "Slutzky, Leonid"]
[Result "1-0"]
[WhiteElo "2375"]
[BlackElo "2380"]
[PlyCount "89"]
[EventDate "1997.??.??"]
[EventType "team"]
[EventRounds "11"]
[EventCountry "ISR"]
[SourceTitle "CBM 058 Extra"]
[Source "ChessBase"]
[SourceDate "1997.07.29"]
[SourceVersion "1"]
[SourceVersionDate "1997.07.29"]
[SourceQuality "1"]

1. e4 c5 2. Nf3 e6 3. Nc3 a6 4. d4 cxd4 5. Nxd4 Qc7 6. g3 Nf6 7. Bg2 Be7 8. 0-0 0-0 9. Be3 Nc6 10. f4 d6 11. Nb3 b5 12. a3 Bb7 13. Qe2 Rac8 14. Rad1 Rfd8 15. g4 Nd7 16. g5 Re8 17. Qh5 g6 18. Qh4 Na5 19. Rf3 Nc4 20. Rh3 Nf8 21. Bc1 Bd8 22. Kh1 Qe7 23. Qh6 f5 24. gxf6 Qxf6 25. Nd4 Bb6 26. Nde2 Bc5 27. b3 Nxa3 28. Bb2 Qf7 29. Rd2 b4 30. Na4 Ba7 31. c4 bxc3 32. Naxc3 Nb5 33. Nxb5 axb5 34. Nc3 Bc6 35. Rg3 b4 36. Ne2 Qb7 37. h4 Bxe4 38. h5 Bxg2+ 39. Rxg2 Qf7 40. Kh2 e5 41. Rxd6 Re6 42. Rxe6 Qxe6 43. Bxe5 Qe7 44. hxg6 hxg6 45. Rxg6+ 1-0

[Event "ISR-chT"]
[Site "Israel"]
[Date "1996.??.??"]
[Round "2"]
[White "Slutzky, Leonid"]
[Black "Avrukh, Boris"]
[Result "1/2-1/2"]
[WhiteElo "2350"]
[BlackElo "2495"]
[PlyCount "68"]
[EventDate "1996.??.??"]
[EventType "team"]
[EventRounds "11"]
[EventCountry "ISR"]
[SourceTitle "CBM 052 Extra"]
[Source "ChessBase"]
[SourceDate "1996.07.01"]
[SourceVersion "1"]
[SourceVersionDate "1996.07.01"]
[SourceQuality "1"]

1. d4 Nf6 2. Nf3 g6 3. c4 Bg7 4. Nc3 d5 5. cxd5 Nxd5 6. g3 Nxc3 7. bxc3 c5 8. Bg2 Nc6 9. 0-0 0-0 10. dxc5 Qa5 11. Be3 Bxc3 12. Rc1 Bg7 13. Qb3 Rb8 14. Ng5 Qa6 15. Bd5 e6 16. Bg2 h6 17. Ne4 e5 18. a4 Bg4 19. Nd6 Bxe2 20. Rfe1 Nd4 21. Bxd4 exd4 22. Bd5 d3 23. Bxf7+ Kh8 24. Bc4 Qc6 25. Bxd3 Rxf2 26. Be4 Bd4 27. Bxc6 Rf3+ 28. Kg2 Rxb3 29. Bxb7 Rb2 30. Rxe2 Rxe2+ 31. Kf3 Re3+ 32. Kg2 Re6 33. c6 Rxd6 34. c7 Rdd8 1/2-1/2

[Event "ISR-chT"]
[Site "Israel"]
[Date "1996.??.??"]
[Round "9"]
[White "Slutzky, Leonid"]
[Black "Kaspi, Alexander"]
[Result "1/2-1/2"]
[WhiteElo "2350"]
[BlackElo "2475"]
[PlyCount "142"]
[EventDate "1996.??.??"]
[EventType "team"]
[EventRounds "11"]
[EventCountry "ISR"]
[SourceTitle "CBM 052 Extra"]
[Source "ChessBase"]
[SourceDate "1996.07.01"]
[SourceVersion "1"]
[SourceVersionDate "1996.07.01"]
[SourceQuality "1"]

1. Nf3 Nf6 2. c4 b6 3. Nc3 Bb7 4. g3 c5 5. Bg2 e6 6. 0-0 Be7 7. d4 cxd4 8. Qxd4 0-0 9. b3 a6 10. Rd1 d6 11. Ba3 Ne8 12. Rac1 Nd7 13. Qe3 Rc8 14. Nd4 Bxg2 15. Kxg2 Nef6 16. Ne4 Nxe4 17. Qxe4 Nf6 18. Qb7 Qc7 19. Qxc7 Rxc7 20. f3 Rfc8 21. e4 Kf8 22. Ne2 Ne8 23. Nd4 g6 24. Nc2 f6 25. Ne3 Kf7 26. Kf2 Rc6 27. Nc2 R6c7 28. Ne3 f5 29. exf5 gxf5 30. Rc2 Rb7 31. Re2 b5 32. Rc2 b4 33. Bb2 a5 34. Re2 Bd8 35. Nc2 Ra8 36. Kg2 Bb6 37. Bd4 Bc7 38. Bf2 e5 39. Ne3 Ke6 40. Nd5 Nf6 41. Red2 Nxd5 42. Rxd5 a4 43. c5 axb3 44. axb3 Ra6 45. R1d2 Rb5 46. f4 exf4 47. gxf4 dxc5 48. Rxc5 Rxc5 49. Bxc5 Bxf4 50. Re2+ Kd5 51. Bxb4 Rb6 52. Bd2 Bxd2 53. Rxd2+ Ke4 54. Re2+ Kf4 55. Rf2+ Kg4 56. Rf3 h5 57. Rc3 Kg5 58. Kf3 Rb4 59. Kg3 Rd4 60. h3 h4+ 61. Kg2 Rd2+ 62. Kg1 Rb2 63. Rd3 Kf4 64. Rc3 Ke4 65. Kf1 f4 66. Rc4+ Ke3 67. Rc3+ Kd4 68. Rc4+ Ke5 69. Rc5+ Ke6 70. Rc6+ Kd5 71. Rc4 Ke5 1/2-1/2

[Event "ISR-chT"]
[Site "Israel"]
[Date "1996.??.??"]
[Round "7"]
[White "Slutzky, Leonid"]
[Black "Malachi, Avraham"]
[Result "1/2-1/2"]
[WhiteElo "2350"]
[BlackElo "2250"]
[PlyCount "70"]
[EventDate "1996.??.??"]
[EventType "team"]
[EventRounds "11"]
[EventCountry "ISR"]
[SourceTitle "CBM 052 Extra"]
[Source "ChessBase"]
[SourceDate "1996.07.01"]
[SourceVersion "1"]
[SourceVersionDate "1996.07.01"]
[SourceQuality "1"]

1. Nf3 Nf6 2. d4 g6 3. c4 Bg7 4. Nc3 0-0 5. g3 d5 6. cxd5 Nxd5 7. Bg2 Nxc3 8. bxc3 c5 9. 0-0 cxd4 10. Nxd4 Nc6 11. Nxc6 bxc6 12. Qxd8 Rxd8 13. Bxc6 Bxc3 14. Rb1 Bf5 15. e4 Rac8 16. Bb7 Bh3 17. Bxc8 Bxf1 18. Kxf1 Rxc8 19. Be3 Rc7 20. Rc1 a6 21. Bf4 e5 22. Bg5 f5 23. Ke2 fxe4 24. Bd8 Rc5 25. Be7 Rc4 26. a3 a5 27. Bd8 Rd4 28. Rxc3 Rxd8 29. Rc5 a4 30. Ra5 Rd4 31. Ra7 Rc4 32. h4 Rc2+ 33. Ke3 Rc3+ 34. Kxe4 Rxa3 35. Kxe5 Rf3 1/2-1/2

[Event "Donner Memorial op"]
[Site "Amsterdam"]
[Date "1996.??.??"]
[Round "9"]
[White "Slutzky, Leonid"]
[Black "Van der Wiel, John"]
[Result "1/2-1/2"]
[WhiteElo "2375"]
[BlackElo "2535"]
[PlyCount "158"]
[EventDate "1996.08.17"]
[EventType "swiss"]
[EventRounds "11"]
[EventCountry "NED"]
[SourceTitle "EXT 1997"]
[Source "ChessBase"]
[SourceDate "1996.11.15"]
[SourceVersion "1"]
[SourceVersionDate "1996.11.15"]
[SourceQuality "1"]

1. d4 Nf6 2. Nf3 g6 3. c4 Bg7 4. g3 0-0 5. Bg2 c6 6. Nc3 d6 7. h3 Qa5 8. Bd2 Qb6 9. b3 Nbd7 10. 0-0 Re8 11. e4 e5 12. d5 cxd5 13. cxd5 Nc5 14. Qe2 Bd7 15. Rab1 Rec8 16. Rfc1 Qd8 17. Ne1 Qe8 18. Nc2 a6 19. Ne3 Bb5 20. Nxb5 axb5 21. Nd1 Rxa2 22. Nc3 Raa8 23. b4 Na6 24. Qxb5 Qxb5 25. Nxb5 Bf8 26. h4 Kg7 27. f3 Nh5 28. Kf2 f5 29. Bh3 Nf6 30. Ke3 Be7 31. Kd3 Rxc1 32. Rxc1 Kf8 33. g4 fxe4+ 34. fxe4 Ke8 35. g5 Nh5 36. Rc8+ Rxc8 37. Bxc8 Nf4+ 38. Kc4 Nb8 39. Be1 Nd7 40. Bxb7 Nb6+ 41. Kb3 Nd3 42. Bd2 Kd7 43. Be3 Bd8 44. Bc6+ Ke7 45. Na7 Kf8 46. Bb7 Ne1 47. Nb5 Ke7 48. Nc3 Nf3 49. Bf2 Nd4+ 50. Kb2 Nc4+ 51. Ka2 Bb6 52. Na4 Ba7 53. Ba6 Nd2 54. Bd3 Kd8 55. Nb2 Kc7 56. Nc4 Nxc4 57. Bxc4 Bb6 58. Bg3 Nf3 59. Be2 Nd2 60. Bd3 Bd4 61. Ka3 Kb6 62. Ka4 Be3 63. Bc2 Nf1 64. Be1 Bd2 65. Bf2+ Be3 66. Bxe3+ Nxe3 67. Bd3 Ng2 68. Be2 Nxh4 69. Bg4 Ng2 70. Be6 Nf4 71. Bg8 Ne2 72. Bxh7 Nc3+ 73. Kb3 Nxe4 74. Bxg6 Nxg5 75. Kc4 Nf3 76. Be8 Nd4 77. Bd7 Nc2 78. Bc6 Na3+ 79. Kb3 Nb5 1/2-1/2

[Event "Tel Aviv "]
[Site "Tel Aviv "]
[Date "1995.??.??"]
[Round "?"]
[White "Soffer, Ram"]
[Black "Slutzky, Leonid"]
[Result "1-0"]
[WhiteElo "2535"]
[BlackElo "2375"]
[PlyCount "105"]
[EventDate "1995.??.??"]
[EventType "swiss"]
[EventRounds "9"]
[EventCountry "ISR"]
[SourceTitle "EXT 2000"]
[Source "ChessBase"]
[SourceDate "1999.11.16"]
[SourceVersion "1"]
[SourceVersionDate "1999.11.16"]
[SourceQuality "1"]

1. c4 e6 2. Nc3 d5 3. d4 c5 4. cxd5 cxd4 5. Qa4+ Bd7 6. Qxd4 exd5 7. Qxd5 Nc6 8. Nf3 Nf6 9. Qd1 Bc5 10. e3 Qe7 11. a3 0-0-0 12. Qc2 Kb8 13. b4 Bb6 14. Be2 Rc8 15. Bb2 Ne5 16. Nd4 Bxd4 17. exd4 Nc4 18. 0-0 Qd6 19. Rad1 Ng4 20. g3 Qh6 21. h4 Nxb2 22. Qxb2 Rhe8 23. Nd5 Qd6 24. Bf3 Bc6 25. Qb3 Nf6 26. Nxf6 Qxf6 27. Bxc6 Rxc6 28. Rfe1 Rec8 29. Re3 Rc1 30. Rxc1 Rxc1+ 31. Kg2 Rc8 32. Qd5 Rd8 33. Qe5+ Qxe5 34. dxe5 Kc7 35. Rc3+ Kb6 36. f4 h5 37. Kf3 g6 38. Ke4 Rd1 39. Re3 Rf1 40. e6 fxe6 41. Ke5 Kb5 42. Rc3 b6 43. Kf6 e5 44. Kxe5 Rd1 45. Kf6 Rd6+ 46. Kg5 a5 47. bxa5 bxa5 48. f5 gxf5 49. Kxh5 Rd1 50. Rf3 Kc4 51. Rxf5 Rd3 52. g4 Rxa3 53. g5 1-0

[Event "Lloyds Bank op 18th"]
[Site "London"]
[Date "1994.??.??"]
[Round "2"]
[White "Harman, Ronald FA"]
[Black "Slutzky, Leonid"]
[Result "0-1"]
[WhiteElo "2080"]
[BlackElo "2340"]
[PlyCount "74"]
[EventDate "1994.08.??"]
[EventType "swiss"]
[EventRounds "10"]
[EventCountry "ENG"]
[SourceTitle "EXT 2000"]
[Source "ChessBase"]
[SourceDate "1999.11.16"]
[SourceVersion "1"]
[SourceVersionDate "1999.11.16"]
[SourceQuality "1"]

1. Nf3 Nf6 2. d4 e6 3. c4 d5 4. Nc3 Bb4 5. e3 0-0 6. Bd3 c5 7. 0-0 dxc4 8. Bxc4 Nc6 9. a3 Bxc3 10. bxc3 Qc7 11. Bd3 e5 12. Qc2 Re8 13. dxe5 Nxe5 14. Nxe5 Qxe5 15. f4 Qe7 16. c4 Bd7 17. Rf3 Ne4 18. Bb2 f6 19. Bxe4 Qxe4 20. Qc3 Bc6 21. Rg3 Re6 22. Rd1 b6 23. h4 Qf5 24. Rg5 Qe4 25. Rg3 h6 26. Rd3 Rae8 27. Rf3 Qg6 28. Rf2 Qg3 29. e4 Qxh4 30. e5 fxe5 31. fxe5 Rxe5 32. Qxe5 Rxe5 33. Bxe5 Bxg2 34. Kxg2 Qe4+ 35. Rdf3 Qxe5 36. Rf7 Qe4+ 37. Kg3 Qg6+ 0-1

[Event "Herzliya"]
[Site "Herzliya"]
[Date "1993.??.??"]
[Round "3"]
[White "Beim, Valery"]
[Black "Slutzky, Leonid"]
[Result "1-0"]
[WhiteElo "2500"]
[BlackElo "2230"]
[PlyCount "77"]
[EventDate "1993.11.??"]
[EventType "tourn"]
[EventRounds "11"]
[EventCountry "ISR"]
[EventCategory "10"]
[SourceTitle "CBM 039"]
[Source "ChessBase"]
[SourceDate "1994.04.01"]
[SourceVersion "1"]
[SourceVersionDate "1994.04.01"]
[SourceQuality "1"]

1. c4 g6 2. Nf3 Bg7 3. g3 c5 4. Bg2 Nc6 5. Nc3 Nf6 6. 0-0 0-0 7. d3 d6 8. Bg5 h6 9. Bd2 a6 10. Rb1 Rb8 11. Ne1 Bd7 12. Nc2 Nd4 13. b4 b5 14. bxc5 dxc5 15. Bf4 Rb6 16. Be5 bxc4 17. Rxb6 Qxb6 18. dxc4 Qe6 19. Bxd4 cxd4 20. Qxd4 Ng4 21. Qd2 Qxc4 22. Nd5 Be6 23. Ncb4 Bxd5 24. Nxd5 e6 25. Rc1 Qb5 26. Ne7+ Kh7 27. h3 Nf6 28. Rc7 Qb1+ 29. Rc1 Qb5 30. Bf3 Rb8 31. Kg2 Qb4 32. Qxb4 Rxb4 33. Rc7 Ra4 34. Nc6 Kg8 35. Nd8 Rxa2 36. Nxf7 Nd5 37. Rd7 a5 38. Nd8 a4 39. Nxe6 1-0

[Event "Ramat Hasharon"]
[Site "Ramat Hasharon"]
[Date "1993.??.??"]
[Round "3"]
[White "Boim, Inon"]
[Black "Slutzky, Leonid"]
[Result "1-0"]
[WhiteElo "2365"]
[BlackElo "2230"]
[PlyCount "81"]
[EventDate "1993.??.??"]
[EventType "tourn"]
[EventRounds "9"]
[EventCountry "ISR"]
[SourceTitle "EXT 1998"]
[Source "ChessBase"]
[SourceDate "1997.11.17"]
[SourceVersion "1"]
[SourceVersionDate "1997.11.17"]
[SourceQuality "1"]

1. e4 c5 2. Nf3 Nc6 3. Bb5 g6 4. 0-0 Bg7 5. c3 Nf6 6. Re1 0-0 7. d3 d6 8. Nbd2 Bd7 9. Nf1 a6 10. Ba4 b5 11. Bc2 Ne8 12. Ne3 Nc7 13. d4 cxd4 14. cxd4 Rc8 15. a3 Na8 16. b3 Nb6 17. Bb2 a5 18. Bd3 Na7 19. Qe2 Qc7 20. Rac1 Qb7 21. h4 Rxc1 22. Rxc1 Rc8 23. Rxc8+ Qxc8 24. h5 Be6 25. d5 Bd7 26. Bxg7 Kxg7 27. Qd2 a4 28. b4 f6 29. hxg6 hxg6 30. Nd4 Qc7 31. Be2 Qc8 32. f4 Qc7 33. Bg4 Nc4 34. Qc3 Bxg4 35. Nxg4 Qb6 36. Kh2 Kf7 37. Ne6 Qb8 38. Qh3 Qc8 39. Qh7+ Ke8 40. Qxg6+ Kd7 41. Nxf6+ 1-0

[Event "Herzliya"]
[Site "Herzliya"]
[Date "1993.??.??"]
[Round "8"]
[White "Slutzky, Leonid"]
[Black "Afek, Yochanan"]
[Result "1/2-1/2"]
[WhiteElo "2230"]
[BlackElo "2430"]
[PlyCount "84"]
[EventDate "1993.11.??"]
[EventType "tourn"]
[EventRounds "11"]
[EventCountry "ISR"]
[EventCategory "10"]
[SourceTitle "CBM 039"]
[Source "ChessBase"]
[SourceDate "1994.04.01"]
[SourceVersion "1"]
[SourceVersionDate "1994.04.01"]
[SourceQuality "1"]

1. Nf3 c5 2. c4 Nc6 3. e3 Nf6 4. Nc3 d5 5. cxd5 Nxd5 6. d4 cxd4 7. exd4 Bg4 8. Qb3 Bxf3 9. gxf3 Nb6 10. d5 Nd4 11. Qd1 e5 12. dxe6 Qf6 13. Bb5+ Nxb5 14. exf7+ Qxf7 15. Qe2+ Be7 16. Qxb5+ Kf8 17. Qe2 Re8 18. Be3 Nc4 19. 0-0-0 Bf6 20. Qd3 g6 21. Bh6+ Bg7 22. Bxg7+ Kxg7 23. Qd4+ Kh6 24. Rhe1 Nb6 25. Re3 Rhf8 26. f4 Qf5 27. Rdd3 Rxe3 28. fxe3 Qh3 29. Rd2 Rf7 30. Qe4 Rd7 31. Rxd7 Nxd7 32. Qe7 b6 33. Qg5+ Kg7 34. Qe7+ Kh6 35. Qg5+ Kg7 36. Nd5 Qf1+ 37. Kd2 Qf2+ 38. Kc3 Qe1+ 39. Kc2 Qe2+ 40. Kc3 Qe1+ 41. Kc2 Qe2+ 42. Kc3 Qe1+ 1/2-1/2

[Event "Herzliya"]
[Site "Herzliya"]
[Date "1993.??.??"]
[Round "2"]
[White "Slutzky, Leonid"]
[Black "Godes, Dmitry R"]
[Result "1-0"]
[WhiteElo "2230"]
[BlackElo "2430"]
[PlyCount "101"]
[EventDate "1993.11.??"]
[EventType "tourn"]
[EventRounds "11"]
[EventCountry "ISR"]
[EventCategory "10"]
[SourceTitle "CBM 039"]
[Source "ChessBase"]
[SourceDate "1994.04.01"]
[SourceVersion "1"]
[SourceVersionDate "1994.04.01"]
[SourceQuality "1"]

1. d4 Nf6 2. Nf3 g6 3. c4 Bg7 4. Nc3 d6 5. g3 0-0 6. Bg2 c6 7. 0-0 Qa5 8. h3 Nbd7 9. e4 e5 10. Re1 Qb4 11. Bf1 Qb6 12. d5 c5 13. Rb1 Qd8 14. a3 Kh8 15. b4 Ng8 16. Nb5 Qe7 17. Bg5 Bf6 18. Be3 a6 19. Nc3 b6 20. Na4 Qd8 21. bxc5 bxc5 22. h4 Be7 23. Bh3 Ra7 24. Bd2 f5 25. exf5 gxf5 26. Ng5 Bxg5 27. Bxg5 Qe8 28. Nb6 Nxb6 29. Rxb6 f4 30. Rb8 Rc7 31. Bxf4 Qg6 32. Rxe5 Rxf4 33. Rg5 Rd4 34. Qxd4+ cxd4 35. Rxg6 hxg6 36. Rxc8 Rxc8 37. Bxc8 a5 38. Kf1 Nf6 39. f3 Nh5 40. Ke2 Nxg3+ 41. Kd3 Kg7 42. Kxd4 Kf6 43. c5 Ke7 44. Bg4 Ne2+ 45. Kc4 Nf4 46. a4 Ng2 47. c6 Kd8 48. Kb5 Kc7 49. Kxa5 Nxh4 50. Kb5 Ng2 51. a5 1-0

[Event "Herzliya"]
[Site "Herzliya"]
[Date "1993.??.??"]
[Round "4"]
[White "Slutzky, Leonid"]
[Black "Gofshtein, Leonid D"]
[Result "1/2-1/2"]
[WhiteElo "2230"]
[BlackElo "2540"]
[PlyCount "46"]
[EventDate "1993.11.??"]
[EventType "tourn"]
[EventRounds "11"]
[EventCountry "ISR"]
[EventCategory "10"]
[SourceTitle "CBM 039"]
[Source "ChessBase"]
[SourceDate "1994.04.01"]
[SourceVersion "1"]
[SourceVersionDate "1994.04.01"]
[SourceQuality "1"]

1. d4 g6 2. c4 Bg7 3. Nf3 c5 4. e4 d6 5. Nc3 Bg4 6. d5 Nf6 7. Be2 0-0 8. 0-0 Na6 9. Bf4 Qb6 10. Rb1 Rfe8 11. Re1 Rad8 12. Qd2 e5 13. Bg5 Rf8 14. a3 Qc7 15. Qc2 Bd7 16. Nd2 h6 17. Bh4 Rc8 18. Nb5 Qb8 19. Bg3 Ne8 20. Rf1 Nac7 21. Nc3 f5 22. f3 Nf6 23. f4 Rce8 1/2-1/2

[Event "Tel Aviv ASA"]
[Site "Tel Aviv"]
[Date "1993.??.??"]
[Round "5"]
[White "Slutzky, Leonid"]
[Black "Grinshpun, Eduard"]
[Result "0-1"]
[WhiteElo "2320"]
[BlackElo "2420"]
[PlyCount "80"]
[EventDate "1993.??.??"]
[EventType "tourn"]
[EventRounds "11"]
[EventCountry "ISR"]
[EventCategory "4"]
[SourceTitle "EXT 1998"]
[Source "ChessBase"]
[SourceDate "1997.11.17"]
[SourceVersion "1"]
[SourceVersionDate "1997.11.17"]
[SourceQuality "1"]

1. d4 f5 2. g3 Nf6 3. Bg2 g6 4. Nf3 Bg7 5. 0-0 0-0 6. b3 d6 7. Bb2 Qe8 8. c4 e5 9. dxe5 Ng4 10. Nc3 dxe5 11. h3 Nh6 12. Nd5 Na6 13. Ba3 Rf7 14. e4 c6 15. Nc3 f4 16. g4 Be6 17. Qc2 Rd7 18. Rad1 Rad8 19. g5 Rxd1 20. Rxd1 Nf7 21. Na4 Bf8 22. Bb2 Bc8 23. h4 Bg4 24. a3 Be7 25. Rxd8 Qxd8 26. Qd2 Qxd2 27. Nxd2 Nc5 28. Nxc5 Bxc5 29. Nf3 Bxf3 30. Bxf3 Bd4 31. Bc1 Nd6 32. Bd2 b6 33. Bb4 Nb7 34. Bg4 Kf7 35. Bd7 a5 36. Be1 Nc5 37. Bxc6 Nxb3 38. Kf1 Bb2 39. a4 Nc5 40. Bd2 Ke7 0-1

[Event "Ramat Hasharon"]
[Site "Ramat Hasharon"]
[Date "1993.??.??"]
[Round "9"]
[White "Slutzky, Leonid"]
[Black "Rossiter, Philip J"]
[Result "1/2-1/2"]
[WhiteElo "2230"]
[BlackElo "2270"]
[PlyCount "57"]
[EventDate "1993.??.??"]
[EventType "tourn"]
[EventRounds "9"]
[EventCountry "ISR"]
[SourceTitle "EXT 1998"]
[Source "ChessBase"]
[SourceDate "1997.11.17"]
[SourceVersion "1"]
[SourceVersionDate "1997.11.17"]
[SourceQuality "1"]

1. c4 e6 2. Nf3 c5 3. Nc3 Nc6 4. e3 Nf6 5. d4 d5 6. cxd5 exd5 7. Be2 Bd6 8. 0-0 0-0 9. Nb5 Be7 10. dxc5 Ne4 11. Bd2 Bxc5 12. Nbd4 Re8 13. Bc3 Bg4 14. Nxc6 bxc6 15. Rc1 Bd6 16. h3 Bd7 17. b3 Nxc3 18. Rxc3 a5 19. Nd4 Rc8 20. Bg4 Bxg4 21. Qxg4 Re4 22. Qd1 Qe8 23. Qd3 Bb4 24. Rc2 g6 25. Rfc1 Ba3 26. Rd1 Bb4 27. Rdc1 Ba3 28. Rd1 Bb4 29. Rdc1 1/2-1/2

[Event "Herzliya"]
[Site "Herzliya"]
[Date "1993.??.??"]
[Round "1"]
[White "Slutzky, Leonid"]
[Black "Zilberman, Yaacov"]
[Result "1-0"]
[WhiteElo "2230"]
[BlackElo "2375"]
[PlyCount "61"]
[EventDate "1993.11.??"]
[EventType "tourn"]
[EventRounds "11"]
[EventCountry "ISR"]
[EventCategory "10"]
[SourceTitle "CBM 039"]
[Source "ChessBase"]
[SourceDate "1994.04.01"]
[SourceVersion "1"]
[SourceVersionDate "1994.04.01"]
[SourceQuality "1"]

1. d4 g6 2. e4 Bg7 3. Nf3 d6 4. Nc3 Nf6 5. h3 0-0 6. Be3 c6 7. a4 a5 8. Be2 Na6 9. 0-0 Nb4 10. Nd2 e5 11. dxe5 dxe5 12. Ncb1 Be6 13. Na3 Nd7 14. Ndc4 Qc7 15. Qd6 Rfc8 16. Qxc7 Rxc7 17. Rfd1 Bf8 18. Nb6 Nxb6 19. Bxb6 Rcc8 20. c3 Na6 21. Bc4 Bxa3 22. Bxe6 Bxb2 23. Bxc8 Bxa1 24. Bxb7 Rb8 25. Rd7 Bxc3 26. Ba7 Rxb7 27. Rxb7 Nb4 28. Rd7 h5 29. Bb6 Na2 30. Rc7 Bb4 31. Ra7 1-0

[Event "Ramat Hasharon"]
[Site "Ramat Hasharon"]
[Date "1992.??.??"]
[Round "1"]
[White "Liss, Eran"]
[Black "Slutzky, Leonid"]
[Result "1/2-1/2"]
[WhiteElo "2345"]
[BlackElo "2265"]
[PlyCount "100"]
[EventDate "1992.??.??"]
[EventType "tourn"]
[EventRounds "11"]
[EventCountry "ISR"]
[EventCategory "4"]
[SourceTitle "EXT 1997"]
[Source "ChessBase"]
[SourceDate "1996.11.15"]
[SourceVersion "1"]
[SourceVersionDate "1996.11.15"]
[SourceQuality "1"]

1. e4 c5 2. Nf3 Nc6 3. d4 cxd4 4. Nxd4 e6 5. Nc3 Qc7 6. Be3 a6 7. f4 b5 8. Nxc6 Qxc6 9. Bd3 Bb7 10. Qe2 b4 11. Nb1 Nf6 12. Nd2 Be7 13. 0-0 Rc8 14. Nc4 Qc7 15. e5 Nd5 16. Bd4 f5 17. Qh5+ Kf8 18. Rf3 Qd8 19. Raf1 Qe8 20. Qh3 Ba8 21. Nd6 Bxd6 22. exd6 Qf7 23. Rg3 Nf6 24. Rg5 Rg8 25. Bxa6 Rxc2 26. Qb3 Be4 27. Re1 Rc6 28. Be2 Nd5 29. Bh5 g6 30. Bf3 h6 31. Bxe4 fxe4 32. Re5 g5 33. fxg5 Rxg5 34. R5xe4 Kg8 35. Rf1 Qg6 36. Qf3 Rc8 37. Re2 Rf8 38. Qe4 Rxf1+ 39. Kxf1 Qxe4 40. Rxe4 Rh5 41. Kf2 Rxh2 42. Kg3 Rh1 43. Rh4 Rd1 44. Kf3 Rf1+ 45. Ke2 Rf8 46. Rxh6 Nf4+ 47. Ke3 Nxg2+ 48. Ke4 Rf4+ 49. Kd3 Ne1+ 50. Ke3 Ng2+ 1/2-1/2

[Event "Ramat Hasharon"]
[Site "Ramat Hasharon"]
[Date "1992.??.??"]
[Round "7"]
[White "Varga, Zoltan"]
[Black "Slutzky, Leonid"]
[Result "1-0"]
[WhiteElo "2480"]
[BlackElo "2265"]
[PlyCount "83"]
[EventDate "1992.??.??"]
[EventType "tourn"]
[EventRounds "11"]
[EventCountry "ISR"]
[EventCategory "4"]
[SourceTitle "EXT 1997"]
[Source "ChessBase"]
[SourceDate "1996.11.15"]
[SourceVersion "1"]
[SourceVersionDate "1996.11.15"]
[SourceQuality "1"]

1. e4 e5 2. Nf3 Nc6 3. Bb5 Nf6 4. Qe2 a6 5. Ba4 Be7 6. 0-0 d6 7. h3 0-0 8. c3 Bd7 9. Bb3 Kh8 10. d3 Ng8 11. d4 Bf6 12. dxe5 dxe5 13. Rd1 Qe7 14. Na3 Be6 15. Bd5 Nd8 16. Be3 Re8 17. Nc4 Bxd5 18. Rxd5 b5 19. Ncxe5 Bxe5 20. Rxe5 Ne6 21. a4 c6 22. Ng5 Qc7 23. Bb6 Qb7 24. Nxe6 fxe6 25. Bd4 Nf6 26. Rg5 Qc7 27. Bxf6 gxf6 28. Rc5 Qd6 29. b4 a5 30. Rd1 Qe7 31. axb5 cxb5 32. Rxb5 a4 33. Ra1 Red8 34. Qc2 a3 35. Qb3 Qc7 36. e5 Rg8 37. Rc5 Qb7 38. g4 Qf3 39. Qxe6 Qxh3 40. Qxf6+ Rg7 41. Rc4 a2 42. Rxa2 1-0

[Event "URS Team-ch"]
[Site "Nakhchivan"]
[Date "1985.08.??"]
[Round "?"]
[White "Slutzky, Leonid"]
[Black "Vetemaa, Juri"]
[Result "1-0"]
[WhiteElo "2270"]
[BlackElo "2280"]
[PlyCount "53"]
[EventDate "1985.08.??"]
[EventType "team-tourn"]
[EventRounds "9"]
[EventCountry "URS"]
[SourceTitle "EXT 2015"]
[Source "ChessBase"]
[SourceDate "2014.11.20"]
[SourceVersion "1"]
[SourceVersionDate "2014.11.20"]
[SourceQuality "1"]

1. Nf3 Nf6 2. c4 g6 3. g3 Bg7 4. Bg2 0-0 5. d4 d6 6. 0-0 c6 7. Nc3 Nbd7 8. e4 e5 9. h3 Qb6 10. d5 cxd5 11. cxd5 Nc5 12. Qe2 Bd7 13. Be3 Rfc8 14. Rab1 a5 15. Nd2 Qa6 16. Qxa6 Rxa6 17. Rfd1 b5 18. Bf1 Rb6 19. a4 b4 20. Nb5 Ra6 21. Rbc1 Bf8 22. Nxd6 Bxd6 23. Bxc5 Rxc5 24. Rxc5 Bxc5 25. Bxa6 Bxa4 26. Ra1 Bd7 27. Rxa5 1-0